| 000 | 01009cam a22003373a 4500 | ||
|---|---|---|---|
| 999 |
_c8349 _d8349 |
||
| 001 | 8349 | ||
| 003 | BD-JhCC | ||
| 005 | 20220817134023.0 | ||
| 008 | 180717s1986 onc 000 1 eng d | ||
| 020 | _a077832138X (pbk.) | ||
| 035 | _a(BD-JhCC)8349 | ||
| 040 |
_aKZT _cKZT _dOCLCQ _dDLC _dBD-JhCC |
||
| 041 | _aeng | ||
| 050 | 0 | 0 | _aCPB Box no. 2314 vol. 3 |
| 082 |
_bJOY 1987 _a355.0217 |
||
| 100 | 1 | _aJoyce, Brenda. | |
| 245 | 1 | 0 |
_aDeadly illusions : _bArmy policy for the Nuclear Battlefield / _cBrenda Joyce. |
| 260 |
_aDon Mills, Ont. : _bMIRA, _c1986. |
||
| 300 |
_a220 p. ; _c18 cm. |
||
| 490 | 0 | _aDeadly series | |
| 490 | 0 | _aA Francesca Cahill novel | |
| 490 | 0 | _aMIRA historical romance | |
| 650 | 0 |
_aIrish Americans _vFiction. |
|
| 651 | 0 |
_aManhattan (New York, N.Y.) _vFiction. |
|
| 655 | 7 |
_aLove stories. _2gsafd |
|
| 655 | 7 |
_aHistorical fiction. _2gsafd |
|
| 655 | 7 |
_aRomantic suspense fiction. _2gsafd |
|
| 655 | 7 |
_aSuspense fiction. _2gsafd |
|
| 942 |
_2ddc _cBK _01 |
||